| 000 | 00748cam a22002054a 4500 | ||
|---|---|---|---|
| 020 | _a0071439307 | ||
| 082 | 0 | 0 |
_a643/.7 _bBEC _cN/L-01, P-100 |
| 100 | 1 |
_aBeck, Joe, _944503 |
|
| 245 | 1 | 4 |
_aThe ultimate home and property maintenance manual / _cJoe Beck. |
| 260 |
_aNew York : _bMcGraw-Hill, _c2005. |
||
| 300 |
_axi, 350 p. : _bill. ; _c24 cm. |
||
| 500 | _aIncludes index. | ||
| 526 |
_a0 _b0 _c0 _d643_700000000000000_BEC |
||
| 650 | 0 |
_aDwellings _xMaintenance and repair _944504 |
|
| 650 | 0 |
_aMCE _9379 |
|
| 856 | 4 | 1 | _uhttp://www.loc.gov/catdir/toc/mh051/2004058166.html |
| 856 | 4 | 2 | _uhttp://www.loc.gov/catdir/enhancements/fy0618/2004058166-b.html |
| 856 | 4 | 2 | _uhttp://www.loc.gov/catdir/enhancements/fy0704/2004058166-d.html |
| 942 |
_2ddc _cBK |
||
| 999 |
_c548276 _d548276 |
||